000 00357nam a2200145Ia 4500
005 20251222141948.0
008 251222s9999||||xx |||||||||||||| ||spa||
020 _a84-8169-101-1
082 _aREF.269.08/R76
100 _aRodríguez Santidrión, Pedro
245 0 _aDiccionario de los Santos
250 _a3a. ed.
264 _bVerbo Divino
942 _cLIB
999 _c9593
_d9593